1272 1581 1561 1243 1522 1496 1831 1515 1368 1508 1695 1166 1894 1406 1742 1407 1670 1377 1193 1560 1423 1296 1598 1329 1894 1253 1213 1895 1634 1213 1879 1390 1609 1779 1387 1518 1395 1063 1626 1959 1230 1107 1631 1552 1303 1641 1386 1731 1797 1798 1849 1994 1130 1237 1451 1275 1407 1125 1384 1303 1443 1869 1974 1824 1108 1955 1937 1201 1006 1823 1634 1138 1481 1079 1942 1552 1326 1213 1020 1070 1657 1086 1974 1661 1727 1437 1582 1402 1840 1928 1865 1165 1901 1491 1414 1049 1588 1666 1423 BCNSPRNW ULIB Ver.6.0+V

เปลี่ยนเป็นภาษาไทย

Change to English
 แสดงรายละเอียดบรรณานุกรม
  กลับหน้าหลัก

Brief Record : Get Marc (ISO 2709) : E-mail record : QR code < ปิดหน้าต่าง
LEADER : 00000nam 2200000uu 4500
001    13399114442
003     ULIB
008    120402s2552||||th 000 0 tha d
020    ^a9786110600309
090    ^aนว.^bภ389ส
100 0  ^aภัสรสา
245 00 ^aแสงช่อนเงา/^cภัสรสา
250    ^aพิมพ์ครั้งที่ 2
260    ^aกรุงเทพฯ :^bแจ่มใส,^c2552
300    ^a447 หน้า
710 1  ^aแจ่มใส
945    ^p269^l0^i15768
995    ^aกัณชพร
999    ^aใช้งานได้ทุกระบบ
รายการนี้ยังไม่มีแท็ก
คุณยังไม่ได้ล็อกอิน คุณสามารถมีกิจกรรมร่วมกับเว็บไซต์ได้ แต่ต้องล็อกอินก่อน ::
  ล็อกอิน

รายการสื่อสารสนเทศ

ลำดับที่ ประเภท เลขเรียก/บาร์โค้ด สถานที่ สถานะ
1. นวนิยาย
นวนิยาย
นว. ภ389ส  
  Barcode: 15768
ห้องสมุดวิทยาเขตสวรรค์ประชารักษ์
►นวนิยาย
บนชั้น
  ขอยืม

รายการใกล้เคียง
    ผู้แต่ง [ภัสรสา]

BibComment


ยังไม่เคยถูกคอมเมนท์

คอมเมนท์ทรัพยากรรายการนี้
  คอมเมนท์: แสงช่อนเงา ภัสรสา


 Copyright 2026. Bcnsprnw @Library